bka' 'gyur dkar chag bod rgya shan sbyar

Saved in:
Bibliographic Details
Format: Electronic
Language:Tibetan
Published: Zi ling : Mtsho sngon mi rigs dpe skrun khang, 1993
Edition:par gzhi 1.
Subjects:
Tags: Add Tag
No Tags, Be the first to tag this record!
LEADER 01123nam a22003015i 4500
001 014258676-5
005 20141217022720.0
008 s1993 cc |||||||tib d
020 |z 7542004301 
035 |a (TBRC)W22171 
040 |a MaCbTBRC  |c MaCbTBRC 
245 0 0 |6 880-01  |a bka' 'gyur dkar chag bod rgya shan sbyar  |h [electronic resource]. 
246 1 3 |a 藏汉对照西藏大藏经总目录 
246 1 3 |a zan han dui zhao xi zang da zang jing zong mu lu 
246 1 3 |a 880-01Zang Han dui zhao Xizang da zang jing zong mu lu /Huang Xianming bian yi. 
250 |a par gzhi 1. 
260 |a Zi ling :  |b Mtsho sngon mi rigs dpe skrun khang,  |c 1993 
300 |a 297 p. 
500 |a Tbrc copy imperfect: some pages torn. 
542 1 |d Tibetan Buddhist Resource Center  |f CC-BY 
546 |a In Tibetan 
653 |a bka' 'gyur dang bstan 'gyur/ 
653 |a dkar chag/ 
720 1 |a , 1925.  |e author 
776 0 |i Print version in the Harvard Library  |w (MH)008288722 
880 0 0 |6 245-01  |a བཀའ་འགྱུར་དཀར་ཆག་བོད་རྒྱ་ཤན་སྦྱར 
988 |a 20141217 
906 |0 OCLC